000 00367nam a2200145 a 4500
001 4143
005 20140414131916.0
008 090223s19uu xx 00 eng d
050 _aER
_bL72 2004
100 _aMott, Lynn
245 _aThe Little tin soldier.
260 _aMalaysia :
_bKohwai & Young,
_c2004.
440 _afamous Fairy Tales Series
999 _c111494
_d111494